000 00622nam a22001937a 4500
003 URS
005 20260224165902.0
008 260219b |||||||| |||| 00| 0 eng d
020 _a9786210219555
040 _cURS
050 _aKPM 2107
_b.M764 2023
100 _aMontemayor, Jose C., JR.
245 _aIndigenous peoples' rights act /
_cDr./Atty. Jose C. Montemayor, Jr.
250 _a2023 Edition.--
264 _aQuezon City :
_bCentral Book Supply, Inc.,
_c©2023.
300 _axxi, 258 pages :
_billustrations ;
_c24 cm.
650 _aIndigenous peoples--Legal status, law, etc
_zPhilippines
942 _2lcc
_cF
999 _c98704
_d98701